Assignments on Islamic Jurisprudence / (Record no. 586000)

000 -LEADER
fixed length control field 00372nam a22001217a 4500
082 ## - DEWEY DECIMAL CLASSIFICATION NUMBER
Classification number 340.59 QUR
100 ## - MAIN ENTRY--PERSONAL NAME
Personal name Qureshi, Khurram Amir
245 ## - TITLE STATEMENT
Title Assignments on Islamic Jurisprudence /
Statement of responsibility, etc. Khurram Amir Qureshi
260 ## - PUBLICATION, DISTRIBUTION, ETC.
Place of publication, distribution, etc. Lahore :
Name of publisher, distributor, etc. University Book Corner,
Date of publication, distribution, etc. N.D.
300 ## - PHYSICAL DESCRIPTION
Extent 212 p. ;
Dimensions 23 cm.
942 ## - ADDED ENTRY ELEMENTS (KOHA)
Source of classification or shelving scheme
Koha item type Book
Holdings
Withdrawn status Lost status Source of classification or shelving scheme Damaged status Not for loan Permanent Location Current Location Shelving location Date acquired Total Checkouts Full call number Barcode Date last seen Date last checked out Price effective from Koha item type Source of acquisition
          NUST Law School (NLS) NUST Law School (NLS) Law 07/19/2021 1 340.59 QUR CL-582 02/10/2022 01/31/2022 07/19/2021 Book  
          NUST Law School (NLS) NUST Law School (NLS) Law 10/28/2021 1 340.59 QUR CL-662 05/23/2022 01/31/2022 10/28/2021 Book Federal Law House
© 2023 Central Library, National University of Sciences and Technology. All Rights Reserved.